[Event "Titled Tuesday intern op 27th Jun Early"]
[Site "Chess.com INT"]
[Date "2023.06.27"]
[Round "5"]
[White "Di Benedetto, Edoardo"]
[Black "Vovk, Orest"]
[Result "1-0"]
[WhiteElo "2391"]
[BlackElo "2315"]
[PlyCount "95"]
[EventDate "2023.06.27"]
[EventType "swiss (blitz)"]
[EventRounds "11"]
[EventCountry "USA"]
[SourceTitle "EXT 2024"]
[Source "ChessBase"]
[SourceDate "2023.10.10"]
[SourceVersion "1"]
[SourceVersionDate "2023.10.10"]
[SourceQuality "1"]

1. d4 h6 2. c4 g5 3. e4 Bg7 4. Nc3 c5 5. d5 Bxc3+ 6. bxc3 d6 7. Bd3 Qa5 8. Qc2 Nd7 9. h4 g4 10. Ne2 Ngf6 11. 0-0 Ne5 12. Bf4 Nfd7 13. Qd2 Qa4 14. Bc2 Qxc4 15. Bxh6 Rxh6 16. Qxh6 Qxe2 17. Ba4 b5 18. Rfe1 Qc4 19. Bb3 Qxc3 20. Rac1 Qd4 21. Bc2 g3 22. Rf1 gxf2+ 23. Kh1 Ng4 24. Qf4 Nde5 25. Bd1 Qe3 26. Qxe3 Nxe3 27. Rxf2 Nd3 28. Rf3 Nxc1 29. Rxe3 Nxa2 30. Rg3 Kd7 31. Rg8 Bb7 32. Bg4+ e6 33. dxe6+ fxe6 34. Rg7+ Kc6 35. Bxe6 Kb6 36. Rxb7+ Kxb7 37. Bd5+ Kc7 38. Bxa8 Kd8 39. h5 Ke7 40. g4 Kf6 41. h6 Kg6 42. g5 c4 43. e5 dxe5 44. Be4+ Kf7 45. g6+ Kg8 46. Bd5+ Kf8 47. g7+ Ke7 48. g8Q 1-0

[Event "Titled Tuesday intern op 13th Jun Early"]
[Site "Chess.com INT"]
[Date "2023.06.13"]
[Round "2"]
[White "Di Benedetto, Edoardo"]
[Black "Garrido, Denis"]
[Result "1-0"]
[WhiteElo "2391"]
[BlackElo "2205"]
[PlyCount "43"]
[EventDate "2023.06.13"]
[EventType "swiss (blitz)"]
[EventRounds "11"]
[EventCountry "USA"]
[SourceTitle "EXT 2024"]
[Source "ChessBase"]
[SourceDate "2023.10.10"]
[SourceVersion "1"]
[SourceVersionDate "2023.10.10"]
[SourceQuality "1"]

1. d4 Nf6 2. c4 e6 3. Nc3 Bb4 4. e3 0-0 5. Bd3 c5 6. a3 Bxc3+ 7. bxc3 b6 8. Nf3 Nc6 9. 0-0 Ba6 10. e4 Ne8 11. e5 Na5 12. Bxh7+ Kxh7 13. Ng5+ Kg6 14. Qg4 f5 15. Qh4 Nf6 16. exf6 Rh8 17. Qg3 Kxf6 18. Re1 Ke7 19. Nxe6 Qg8 20. Nxc5+ Kd8 21. Nxa6 Rc8 22. Bg5# 1-0

[Event "Titled Tuesday intern op 13th Jun Early"]
[Site "Chess.com INT"]
[Date "2023.06.13"]
[Round "4"]
[White "Garakov, Mikhael"]
[Black "Di Benedetto, Edoardo"]
[Result "1-0"]
[WhiteElo "2447"]
[BlackElo "2391"]
[PlyCount "63"]
[EventDate "2023.06.13"]
[EventType "swiss (blitz)"]
[EventRounds "11"]
[EventCountry "USA"]
[SourceTitle "EXT 2024"]
[Source "ChessBase"]
[SourceDate "2023.10.10"]
[SourceVersion "1"]
[SourceVersionDate "2023.10.10"]
[SourceQuality "1"]

1. e4 e6 2. d4 d5 3. Nc3 Nf6 4. e5 Nfd7 5. f4 c5 6. Nf3 Nc6 7. Be3 Rb8 8. Qd2 Qa5 9. Be2 b5 10. 0-0 b4 11. Nd1 Ba6 12. Bxa6 Qxa6 13. Nf2 cxd4 14. Nxd4 Bc5 15. Rae1 Nxd4 16. Bxd4 0-0 17. f5 exf5 18. Bxc5 Nxc5 19. Qxd5 Rfc8 20. Nd3 Qe6 21. Nf4 Qb6 22. Kh1 Ne6 23. Nh5 Rxc2 24. Rxf5 Qe3 25. Ref1 Rd8 26. Qb7 Rc7 27. Qxb4 Nd4 28. R5f4 Rc1 29. Qe7 Ne6 30. Qxf7+ Kh8 31. Rxc1 Qxc1+ 32. Rf1 1-0

[Event "Titled Tuesday intern op 06th Jun Late"]
[Site "Chess.com INT"]
[Date "2023.06.06"]
[Round "2"]
[White "Kokoszczynski, Jan"]
[Black "Di Benedetto, Edoardo"]
[Result "1/2-1/2"]
[WhiteElo "2247"]
[BlackElo "2391"]
[PlyCount "236"]
[EventDate "2023.06.06"]
[EventType "swiss (blitz)"]
[EventRounds "11"]
[EventCountry "USA"]
[SourceTitle "EXT 2024"]
[Source "ChessBase"]
[SourceDate "2023.10.10"]
[SourceVersion "1"]
[SourceVersionDate "2023.10.10"]
[SourceQuality "1"]

1. d4 d5 2. c4 e6 3. Nc3 Be7 4. Nf3 Nf6 5. Bf4 0-0 6. Rc1 b6 7. e3 Bb7 8. h3 c5 9. dxc5 Bxc5 10. a3 Nbd7 11. cxd5 Nxd5 12. Nxd5 Bxd5 13. Be2 Qe7 14. 0-0 a5 15. Bb5 Rfd8 16. Qe2 Nf6 17. Bg5 h6 18. Bh4 Qb7 19. Rfd1 Bxf3 20. gxf3 Rxd1+ 21. Rxd1 Nd5 22. Bg3 Be7 23. Kg2 Rd8 24. Rc1 Bc5 25. Rd1 Qe7 26. Bc4 Nf6 27. Rxd8+ Qxd8 28. Qd3 Qxd3 29. Bxd3 Kf8 30. Kf1 Ke7 31. Ke2 Bd6 32. f4 Nd7 33. Bc2 Nc5 34. Bh4+ f6 35. f3 g5 36. fxg5 hxg5 37. Be1 Be5 38. b4 Nb7 39. bxa5 bxa5 40. Be4 Nc5 41. Bxa5 Bd6 42. Bb4 Kd7 43. Bc2 Kc7 44. Be1 Nd7 45. a4 Bc5 46. h4 gxh4 47. Bxh4 Kd6 48. Bg3+ Ke7 49. Kd3 Bb6 50. e4 Nc5+ 51. Kc4 Nd7 52. Be1 Kd6 53. Kb5 Kc7 54. Bg3+ Kb7 55. a5 Bd4 56. Bb3 e5 57. Be1 Nc5 58. Bd5+ Ka7 59. Bb4 Na6 60. Bd6 Be3 61. Be7 Nc7+ 62. Kc6 Na6 63. Bxf6 Bd4 64. Be7 Nb8+ 65. Kb5 Na6 66. Bd6 Bc3 67. Bc5+ Nxc5 68. Kxc5 Bxa5 69. Kd6 Bc3 70. Bc4 Kb6 71. Kd5 Kc7 72. Bb5 Kd8 73. Ke6 Kc7 74. Kd5 Bb2 75. Ba4 Kd8 76. Kd6 Bc3 77. Bd7 Bd4 78. Be6 Ke8 79. Bd7+ Kf8 80. Kd5 Kg7 81. Bg4 Bc3 82. Ke6 Kg6 83. Bf5+ Kg5 84. Bg4 Kf4 85. Kd5 Bd4 86. Kc4 Ke3 87. Kd5 Bb2 88. Kc4 Kf2 89. Kd5 Kg3 90. Kc4 Kf4 91. Kb3 Bd4 92. Kc2 Kg3 93. Kd3 Kf2 94. Kc4 Kg3 95. Kd5 Kf4 96. Kc4 Kg3 97. Kd3 Kh4 98. Bd7 Kg5 99. Bg4 Kf4 100. Bh5 Kg3 101. Ke2 Bb2 102. Kd2 Ba1 103. Kd3 Bd4 104. Kc2 Kf2 105. Kd3 Be3 106. Kc4 Bf4 107. Kd5 Kg3 108. Bg4 Kh4 109. Ke6 Kg5 110. Kd5 Kh4 111. Ke6 Kg3 112. Kd5 Kf2 113. Kc6 Ke3 114. Kb6 Kd4 115. Kb7 Kc3 116. Ka8 Kc4 117. Ka7 Kb4 118. Ka6 Kc5 1/2-1/2

[Event "Titled Tuesday intern op 30th May Early"]
[Site "Chess.com INT"]
[Date "2023.05.30"]
[Round "6"]
[White "Atoufi, Pedram"]
[Black "Di Benedetto, Edoardo"]
[Result "0-1"]
[WhiteElo "2261"]
[BlackElo "2369"]
[PlyCount "70"]
[EventDate "2023.05.30"]
[EventType "swiss (blitz)"]
[EventRounds "11"]
[EventCountry "USA"]
[SourceTitle "CBM 214 Extra"]
[Source "ChessBase"]
[SourceDate "2023.07.31"]
[SourceVersion "1"]
[SourceVersionDate "2023.07.31"]
[SourceQuality "1"]

1. Nc3 d5 2. d4 Nf6 3. e3 c6 4. Be2 Bf5 5. Nf3 Nbd7 6. Nh4 Bg6 7. 0-0 e6 8. Nxg6 hxg6 9. Bd2 Be7 10. h3 0-0 11. a3 e5 12. Re1 Qc7 13. dxe5 Nxe5 14. b3 Rfe8 15. Rf1 Rad8 16. Qe1 Bd6 17. Bc1 Ned7 18. Bb2 Be5 19. Rb1 Nc5 20. Rd1 Nce4 21. Nxe4 Nxe4 22. Bd4 Bxd4 23. Rxd4 Nd6 24. Qa1 Nf5 25. Rg4 Qe7 26. Bd3 Nd6 27. Rd4 a6 28. Rd1 Qg5 29. c4 dxc4 30. Bxc4 Nf5 31. Rd7 Rxd7 32. Rxd7 Re7 33. Rd1 Kh7 34. a4 Nh4 35. f4 Qxg2# 0-1

[Event "Titled Tuesday intern op 30th May Early"]
[Site "Chess.com INT"]
[Date "2023.05.30"]
[Round "5"]
[White "Di Benedetto, Edoardo"]
[Black "Bortnyk, Olexandr"]
[Result "1/2-1/2"]
[WhiteElo "2369"]
[BlackElo "2605"]
[PlyCount "112"]
[EventDate "2023.05.30"]
[EventType "swiss (blitz)"]
[EventRounds "11"]
[EventCountry "USA"]
[SourceTitle "CBM 214 Extra"]
[Source "ChessBase"]
[SourceDate "2023.07.31"]
[SourceVersion "1"]
[SourceVersionDate "2023.07.31"]
[SourceQuality "1"]

1. d4 d6 2. c4 e5 3. dxe5 dxe5 4. Qxd8+ Kxd8 5. Nc3 Be6 6. e3 c6 7. Bd2 Kc7 8. 0-0-0 a5 9. Bd3 Na6 10. b3 Ba3+ 11. Kb1 Nb4 12. Bc2 Nf6 13. f3 a4 14. Nxa4 Nxc2 15. Kxc2 b5 16. cxb5 cxb5 17. Nc3 Kb6 18. Nge2 b4 19. Na4+ Rxa4 20. bxa4 Bxa2 21. Bc1 b3+ 22. Kd2 Rd8+ 23. Ke1 Bxc1 24. Rxd8 Bxe3 25. Nc3 Ka5 26. Ke2 Bd4 27. Kd3 Kb4 28. Rxd4+ exd4 29. Kxd4 Nd7 30. Ra1 Ka3 31. a5 Nb8 32. Kc4 Kb2 33. Rh1 Kc2 34. Nxa2 bxa2 35. Kb5 Kb2 36. a6 Nxa6 37. Kxa6 a1Q+ 38. Rxa1 Kxa1 39. Kb6 Kb2 40. Kc6 Kc3 41. Kd6 Kd4 42. Ke7 f5 43. Kf7 Ke3 44. Kxg7 Kf2 45. Kxh7 Kxg2 46. Kg6 f4 47. h4 Kxf3 48. h5 Kg4 49. h6 f3 50. h7 f2 51. h8Q f1Q 52. Qh5+ Kg3 53. Qg5+ Kh2 54. Qh4+ Kg1 55. Qg3+ Qg2 56. Qxg2+ Kxg2 1/2-1/2

[Event "Titled Tuesday intern op 30th May Early"]
[Site "Chess.com INT"]
[Date "2023.05.30"]
[Round "2"]
[White "Di Benedetto, Edoardo"]
[Black "Herman, Daniel"]
[Result "1-0"]
[WhiteElo "2369"]
[BlackElo "1956"]
[PlyCount "143"]
[EventDate "2023.05.30"]
[EventType "swiss (blitz)"]
[EventRounds "11"]
[EventCountry "USA"]
[SourceTitle "CBM 214 Extra"]
[Source "ChessBase"]
[SourceDate "2023.07.31"]
[SourceVersion "1"]
[SourceVersionDate "2023.07.31"]
[SourceQuality "1"]

1. d4 Nf6 2. c4 g6 3. g3 c6 4. Bg2 d5 5. Nf3 Bg7 6. 0-0 0-0 7. cxd5 cxd5 8. Nc3 Ne4 9. Ne5 Nc6 10. Nxc6 bxc6 11. Nxe4 dxe4 12. Bxe4 Qxd4 13. Qxd4 Bxd4 14. Bxc6 Rb8 15. Rb1 Bf5 16. e4 Rfc8 17. exf5 Rxc6 18. fxg6 hxg6 19. Be3 Bxe3 20. fxe3 Rc2 21. Rf2 Rbc8 22. Re1 Kg7 23. Kf1 g5 24. g4 Rxf2+ 25. Kxf2 Kf6 26. Kf3 Ke5 27. Re2 Rc1 28. Rd2 Rc7 29. h3 e6 30. Rd4 Rc2 31. Rb4 Rh2 32. Rb5+ Kf6 33. Kg3 Re2 34. Rb3 Ke5 35. Kf3 Rh2 36. Rb5+ Kf6 37. Rb7 Rxh3+ 38. Ke4 Rh2 39. a4 Rg2 40. Kf3 Rc2 41. b4 Rc4 42. a5 a6 43. Rb6 Ke5 44. b5 axb5 45. Rxb5+ Kf6 46. a6 Ra4 47. Rb6 Ke5 48. Ke2 Rxg4 49. a7 Ra4 50. Rb7 f5 51. Kd3 g4 52. Kc3 Ra3+ 53. Kb4 Ra1 54. Rb5+ Ke4 55. Ra5 Rb1+ 56. Ka4 Ra1+ 57. Kb5 Rxa5+ 58. Kxa5 Kxe3 59. a8Q e5 60. Qd5 Kf4 61. Qd2+ Kf3 62. Qd3+ Kf4 63. Qf1+ Ke4 64. Kb4 f4 65. Kc3 g3 66. Qe2+ Kf5 67. Kd3 e4+ 68. Qxe4+ Kg4 69. Ke2 Kh3 70. Kf3 Kh2 71. Qe2+ Kg1 72. Qg2# 1-0

[Event "Titled Tuesday intern op 30th May Early"]
[Site "Chess.com INT"]
[Date "2023.05.30"]
[Round "11"]
[White "Di Benedetto, Edoardo"]
[Black "Pranav, V."]
[Result "0-1"]
[WhiteElo "2369"]
[BlackElo "2597"]
[PlyCount "82"]
[EventDate "2023.05.30"]
[EventType "swiss (blitz)"]
[EventRounds "11"]
[EventCountry "USA"]
[SourceTitle "CBM 214 Extra"]
[Source "ChessBase"]
[SourceDate "2023.07.31"]
[SourceVersion "1"]
[SourceVersionDate "2023.07.31"]
[SourceQuality "1"]

1. d4 Nf6 2. c4 g6 3. g3 Bg7 4. Bg2 0-0 5. Nf3 d6 6. 0-0 Nbd7 7. Nc3 e5 8. e4 a6 9. h3 Re8 10. Be3 c6 11. Qc2 exd4 12. Nxd4 Ne5 13. b3 Qc7 14. Rad1 Ned7 15. f4 Nc5 16. Bf2 Bd7 17. Rfe1 Rad8 18. Kh2 Bc8 19. b4 Ne6 20. Nxe6 Bxe6 21. c5 dxc5 22. bxc5 Qa5 23. e5 Nd5 24. Nxd5 cxd5 25. Bd4 Rc8 26. Qd2 Qa4 27. Rb1 Bf8 28. Rec1 Rc7 29. Qb4 Qxb4 30. Rxb4 Rec8 31. g4 b5 32. a4 Bxc5 33. Bxc5 Rxc5 34. Rxc5 Rxc5 35. axb5 Rxb5 36. Rxb5 axb5 37. Kg3 b4 38. Bf1 d4 39. Kf3 Bd5+ 40. Kf2 Be4 41. Ke2 b3 0-1

[Event "Titled Tuesday intern op 30th May Early"]
[Site "Chess.com INT"]
[Date "2023.05.30"]
[Round "10"]
[White "Di Benedetto, Edoardo"]
[Black "Sanhueza, Cristian"]
[Result "1-0"]
[WhiteElo "2369"]
[BlackElo "2177"]
[PlyCount "87"]
[EventDate "2023.05.30"]
[EventType "swiss (blitz)"]
[EventRounds "11"]
[EventCountry "USA"]
[SourceTitle "CBM 214 Extra"]
[Source "ChessBase"]
[SourceDate "2023.07.31"]
[SourceVersion "1"]
[SourceVersionDate "2023.07.31"]
[SourceQuality "1"]

1. d4 Nf6 2. c4 g6 3. g3 Bg7 4. Bg2 0-0 5. Nf3 d6 6. 0-0 Nc6 7. Nc3 a6 8. b3 Rb8 9. d5 Na5 10. Bg5 h6 11. Bxf6 Bxf6 12. Rc1 c5 13. dxc6 Nxc6 14. Qd2 Bg7 15. Rfd1 Qa5 16. Nd5 Qxd2 17. Rxd2 Bd7 18. Nb6 Be6 19. e3 Na7 20. Nd4 Nc8 21. Nxe6 fxe6 22. Nd7 Na7 23. Be4 g5 24. Nxb8 Rxb8 25. f4 Nc6 26. Kf2 Kf7 27. Ke2 Ke8 28. h4 gxh4 29. gxh4 Bf6 30. h5 Kd7 31. Rg1 e5 32. Rg6 exf4 33. exf4 b5 34. cxb5 Nd4+ 35. Kd3 Nxb5 36. Rxh6 Na3 37. Bf5+ Kc7 38. Rg6 Rb5 39. Bg4 Rc5 40. h6 Rc3+ 41. Ke2 Nb5 42. Rxf6 exf6 43. h7 Rh3 44. Bxh3 1-0

[Event "Titled Tuesday intern op 30th May Early"]
[Site "Chess.com INT"]
[Date "2023.05.30"]
[Round "9"]
[White "Durarbayli, Vasif"]
[Black "Di Benedetto, Edoardo"]
[Result "1-0"]
[WhiteElo "2627"]
[BlackElo "2369"]
[PlyCount "151"]
[EventDate "2023.05.30"]
[EventType "swiss (blitz)"]
[EventRounds "11"]
[EventCountry "USA"]
[SourceTitle "CBM 214 Extra"]
[Source "ChessBase"]
[SourceDate "2023.07.31"]
[SourceVersion "1"]
[SourceVersionDate "2023.07.31"]
[SourceQuality "1"]

1. e4 e6 2. d4 d5 3. e5 c5 4. c3 Qb6 5. Nf3 Bd7 6. Bd3 Bb5 7. dxc5 Bxc5 8. b4 Bf8 9. Be3 Qc6 10. Bxb5 Qxb5 11. Na3 Qd7 12. 0-0 Ne7 13. c4 dxc4 14. Nxc4 Qxd1 15. Rfxd1 Nd5 16. Bc5 Nd7 17. Bxf8 Kxf8 18. Nd6 Ke7 19. a3 b6 20. Rac1 Rhd8 21. Nb5 a6 22. Nbd4 Rdc8 23. Kf1 h6 24. h4 Rxc1 25. Rxc1 Kd8 26. Nc6+ Ke8 27. Ncd4 Kd8 28. Nc6+ Ke8 29. a4 b5 30. axb5 axb5 31. Nfd4 Rc8 32. Nxb5 Kf8 33. Nd6 Rc7 34. Nb5 Rb7 35. Nbd4 Kg8 36. b5 Nf4 37. Rd1 Nc5 38. g3 Nd5 39. Rc1 Nd3 40. Ra1 Kh7 41. Ra7 Rxa7 42. Nxa7 Nxe5 43. Nc8 Nc4 44. Ke2 Ndb6 45. Nxb6 Nxb6 46. Nc6 Kg6 47. Kd3 Kf6 48. Kd4 Kf5 49. f3 h5 50. Kc5 Na4+ 51. Kb4 Nb6 52. Kc5 Na4+ 53. Kd6 g5 54. Ne7+ Kf6 55. Nc8 gxh4 56. gxh4 Kf5 57. Ke7 Kf4 58. Kxf7 Kxf3 59. Kg6 Kg4 60. Nd6 Kxh4 61. Ne4 e5 62. Kf5 Kh3 63. Kxe5 h4 64. Kf4 Kg2 65. Ng5 Nb6 66. Kg4 Kf2 67. Ne6 Kg2 68. Kxh4 Kf3 69. Kg5 Ke4 70. Kf6 Kd5 71. Ke7 Kc4 72. Nc7 Kc5 73. Kd8 Nd5 74. Kc8 Nxc7 75. b6 Kb5 76. bxc7 1-0

[Event "Titled Tuesday intern op 30th May Early"]
[Site "Chess.com INT"]
[Date "2023.05.30"]
[Round "7"]
[White "Mendonca, Leon Luke"]
[Black "Di Benedetto, Edoardo"]
[Result "1/2-1/2"]
[WhiteElo "2603"]
[BlackElo "2369"]
[PlyCount "153"]
[EventDate "2023.05.30"]
[EventType "swiss (blitz)"]
[EventRounds "11"]
[EventCountry "USA"]
[SourceTitle "CBM 214 Extra"]
[Source "ChessBase"]
[SourceDate "2023.07.31"]
[SourceVersion "1"]
[SourceVersionDate "2023.07.31"]
[SourceQuality "1"]

1. e4 e6 2. d4 d5 3. Nd2 c5 4. exd5 Qxd5 5. Ngf3 cxd4 6. Bc4 Qd7 7. 0-0 Nc6 8. Nb3 a6 9. Nbxd4 Nxd4 10. Nxd4 Qc7 11. Bd3 Bd6 12. h3 Ne7 13. c3 Bd7 14. Qe2 0-0-0 15. Be3 Nc6 16. Be4 Nxd4 17. cxd4 Kb8 18. Rfc1 Qa5 19. b4 Qb5 20. Bd3 Qd5 21. Bc4 Bb5 22. Bxb5 Qxb5 23. Qxb5 axb5 24. a4 bxa4 25. Rxa4 Rc8 26. Rca1 Kc7 27. b5 Kd7 28. Ra7 Rb8 29. Kf1 Rhc8 30. Ke2 Rc4 31. Rb1 Rb4 32. Rxb4 Bxb4 33. Kd3 Bd6 34. g4 Bc7 35. Ke4 Bb6 36. Ra1 Rc8 37. h4 g6 38. g5 Rc2 39. Ra8 Rc8 40. Rxc8 Kxc8 41. d5 exd5+ 42. Kxd5 Bc7 43. Bd4 Kd7 44. Be5 Ba5 45. Bd4 Bd2 46. Ke5 Ke7 47. Bc5+ Ke8 48. Bd4 Ke7 49. Bc5+ Ke8 50. Ba3 Be1 51. Kd6 Bxf2 52. Kc7 b6 53. Bd6 Bxh4 54. Kxb6 Bxg5 55. Kc6 Be3 56. b6 Bxb6 57. Kxb6 Kd7 58. Kc5 Ke6 59. Bc7 Kf5 60. Kd4 h5 61. Ke3 Kg4 62. Kf2 f5 63. Kg2 f4 64. Bd8 g5 65. Kf2 Kf5 66. Be7 h4 67. Kg2 Kg4 68. Bd8 h3+ 69. Kh2 f3 70. Bb6 Kh4 71. Bf2+ Kg4 72. Be1 Kf4 73. Kxh3 Ke3 74. Kg4 Ke2 75. Bg3 f2 76. Bxf2 Kxf2 77. Kxg5 1/2-1/2

[Event "ITA-chT playoff 54th"]
[Site "Bacoli"]
[Date "2023.05.01"]
[Round "2"]
[White "Brunello, Sabino"]
[Black "Di Benedetto, Edoardo"]
[Result "0-1"]
[WhiteElo "2510"]
[BlackElo "2369"]
[PlyCount "70"]
[EventDate "2023.05.01"]
[EventType "team-tourn"]
[EventRounds "4"]
[EventCountry "ITA"]
[SourceTitle "CBM 213 Extra"]
[Source "ChessBase"]
[SourceDate "2023.05.31"]
[SourceVersion "1"]
[SourceVersionDate "2023.05.31"]
[SourceQuality "1"]
[WhiteTeam "Padova Obiettivo"]
[BlackTeam "WorldtradingLab"]
[WhiteTeamCountry "ITA"]
[BlackTeamCountry "ITA"]

1. e4 c5 2. Nf3 Nc6 3. d4 cxd4 4. Nxd4 Nf6 5. Nc3 e5 6. Ndb5 d6 7. Nd5 Nxd5 8. exd5 Nb8 9. a4 a6 10. Na3 Be7 11. Nc4 Bf5 12. Be3 Nd7 13. a5 0-0 14. Be2 Bg6 15. 0-0 f5 16. f4 Qc7 17. fxe5 Nxe5 18. Bb6 Qd7 19. Nxe5 dxe5 20. c4 Rac8 21. Qd2 h6 22. Rad1 e4 23. d6 Bg5 24. Be3 Bxe3+ 25. Qxe3 Rf6 26. c5 Rcf8 27. g3 Kh8 28. h4 Be8 29. Kg2 Qd8 30. b4 Bd7 31. h5 g5 32. hxg6 Rxg6 33. Rf4 Rfg8 34. g4 Bb5 35. Rh1 Bxe2 0-1

[Event "ITA-chT GpB playoff 54th"]
[Site "Bacoli"]
[Date "2023.04.30"]
[Round "1"]
[White "Barp, Alberto"]
[Black "Di Benedetto, Edoardo"]
[Result "0-1"]
[WhiteElo "2432"]
[BlackElo "2369"]
[PlyCount "98"]
[EventDate "2023.04.30"]
[EventType "team-tourn"]
[EventRounds "4"]
[EventCountry "ITA"]
[SourceTitle "CBM 213 Extra"]
[Source "ChessBase"]
[SourceDate "2023.05.31"]
[SourceVersion "1"]
[SourceVersionDate "2023.05.31"]
[SourceQuality "1"]
[WhiteTeam "Arrocco"]
[BlackTeam "WorldtradingLab"]
[WhiteTeamCountry "ITA"]
[BlackTeamCountry "ITA"]

1. d4 Nf6 2. c4 e6 3. g3 d5 4. Bg2 dxc4 5. Nf3 a6 6. 0-0 Nc6 7. Nbd2 Nxd4 8. Nxc4 Nxf3+ 9. Bxf3 Qxd1 10. Rxd1 Be7 11. Na5 e5 12. Bxb7 Bxb7 13. Nxb7 0-0 14. b3 a5 15. Bd2 a4 16. b4 Ra6 17. Rab1 Rb6 18. Na5 Rb5 19. a3 Re8 20. Nc6 Bd6 21. Rbc1 Ne4 22. Be1 f5 23. f3 Nf6 24. Bc3 Kf7 25. Ba1 h5 26. Na5 Ke6 27. Rc6 Ra8 28. Nc4 Rd5 29. Rxd5 Kxd5 30. Rxd6+ cxd6 31. Nb6+ Kc6 32. Nxa8 Kb7 33. f4 Nd7 34. fxe5 dxe5 35. e4 g6 36. Kg2 Kxa8 37. exf5 gxf5 38. Kh3 e4 39. Kh4 e3 40. Kxh5 e2 41. Bc3 Ne5 42. Kg5 Nc4 43. g4 Nxa3 44. gxf5 Nb5 45. f6 Nxc3 46. f7 e1Q 47. f8Q+ Kb7 48. Qf7+ Kb6 49. Qf6+ Kb5 0-1

[Event "ITA-chT GpA 54th"]
[Site "Bacoli"]
[Date "2023.04.27"]
[Round "4"]
[White "Di Benedetto, Edoardo"]
[Black "Podetti, Davide"]
[Result "1/2-1/2"]
[WhiteElo "2369"]
[BlackElo "2281"]
[PlyCount "37"]
[EventDate "2023.04.25"]
[EventType "team-tourn"]
[EventRounds "7"]
[EventCountry "ITA"]
[SourceTitle "CBM 213 Extra"]
[Source "ChessBase"]
[SourceDate "2023.05.31"]
[SourceVersion "1"]
[SourceVersionDate "2023.05.31"]
[SourceQuality "1"]
[WhiteTeam "WorldtradingLab"]
[BlackTeam "Cerianese Scacchistica"]
[WhiteTeamCountry "ITA"]
[BlackTeamCountry "ITA"]

1. d4 Nf6 2. c4 e6 3. Nf3 b6 4. g3 Ba6 5. b3 Bb4+ 6. Bd2 Be7 7. Bg2 c6 8. 0-0 d5 9. Qc2 Nbd7 10. Bc3 dxc4 11. bxc4 Bxc4 12. Ne5 Nxe5 13. dxe5 Nd5 14. Bb2 b5 15. Nd2 Nb4 16. Qc3 Nd5 17. Qc2 Nb4 18. Qc3 Nd5 19. Qc2 1/2-1/2

[Event "ITA-ch 81st"]
[Site "Cagliari"]
[Date "2022.11.21"]
[Round "9"]
[White "Di Benedetto, Edoardo"]
[Black "Moroni, Luca Jr"]
[Result "0-1"]
[WhiteElo "2378"]
[BlackElo "2559"]
[PlyCount "104"]
[EventDate "2022.11.12"]
[EventType "tourn"]
[EventRounds "11"]
[EventCountry "ITA"]
[EventCategory "9"]
[SourceTitle "CBM 211 Extra"]
[Source "ChessBase"]
[SourceDate "2023.01.31"]
[SourceVersion "1"]
[SourceVersionDate "2023.01.31"]
[SourceQuality "1"]

1. a3 d5 2. e3 Nf6 3. Nf3 Bf5 4. c4 e6 5. Nc3 c6 6. d4 Nbd7 7. Bd3 Bg6 8. Qe2 Ne4 9. Bxe4 dxe4 10. Nd2 Nf6 11. f3 exf3 12. Nxf3 Ne4 13. Nxe4 Bxe4 14. Bd2 Bd6 15. 0-0 0-0 16. Bb4 c5 17. dxc5 Be7 18. Rfd1 Qc7 19. Nd4 a5 20. Bc3 Qxc5 21. b4 axb4 22. axb4 Qg5 23. Nf3 Qh5 24. c5 Rxa1 25. Bxa1 Ra8 26. Qf2 e5 27. Bb2 f6 28. Qe2 Qf7 29. Nd2 Bd5 30. Ra1 Rd8 31. Ra7 Bc6 32. e4 Bf8 33. Bc3 h6 34. h3 Qd7 35. Kf2 Kh7 36. Ra1 Qe6 37. Kg1 Qd7 38. Qe3 Bb5 39. Rc1 Qe6 40. Qf2 Rd3 41. Kh2 g6 42. Nb1 Bc6 43. Qf1 Bb5 44. Qf2 Bg7 45. Na3 Bc6 46. Qe2 Qd7 47. Rc2 f5 48. exf5 Qxf5 49. Qg4 Qf1 50. Nc4 h5 51. Qg5 Bf6 52. Qc1 Rd1 0-1

[Event "ITA-ch 81st"]
[Site "Cagliari"]
[Date "2022.11.20"]
[Round "8"]
[White "Lodici, Lorenzo"]
[Black "Di Benedetto, Edoardo"]
[Result "0-1"]
[WhiteElo "2536"]
[BlackElo "2378"]
[PlyCount "112"]
[EventDate "2022.11.12"]
[EventType "tourn"]
[EventRounds "11"]
[EventCountry "ITA"]
[EventCategory "9"]
[SourceTitle "CBM 211 Extra"]
[Source "ChessBase"]
[SourceDate "2023.01.31"]
[SourceVersion "1"]
[SourceVersionDate "2023.01.31"]
[SourceQuality "1"]

1. d4 d5 2. c4 e6 3. Nf3 Nf6 4. g3 Bb4+ 5. Nc3 0-0 6. Bg2 c5 7. dxc5 dxc4 8. Qa4 Nc6 9. a3 Bxc3+ 10. bxc3 Qa5 11. Qxc4 e5 12. 0-0 Be6 13. Qh4 Qxc5 14. Bg5 Nd5 15. c4 Nc3 16. Rfe1 Qxc4 17. Qxc4 Bxc4 18. Bf1 Ne4 19. Be3 Rfd8 20. a4 f6 21. Rac1 Bd5 22. Bg2 Nd6 23. Bc5 Ne8 24. Nh4 Bxg2 25. Nxg2 Rac8 26. Ne3 b6 27. Ba3 Nd4 28. Kf1 Kf7 29. Red1 Ke6 30. f4 g5 31. fxe5 fxe5 32. Bb2 Rxc1 33. Rxc1 Nd6 34. Rd1 Nb7 35. Nc4 Nc6 36. Ra1 Nc5 37. Bc3 Ne4 38. Be1 Nd4 39. Ne3 Rf8+ 40. Kg2 Nxe2 41. a5 b5 42. a6 Nd4 43. Rc1 Rf3 44. Nc2 g4 45. h3 Nxc2 46. Rxc2 Ra3 47. Rc6+ Kd5 48. Rc7 Ra2+ 49. Kf1 gxh3 50. Rxa7 Nf6 51. Kg1 Ra1 52. Kh2 Rxe1 53. Rb7 Ra1 54. Rxb5+ Ke6 55. Rb6+ Kf5 56. Kxh3 Ra2 0-1

[Event "ITA-ch 81st"]
[Site "Cagliari"]
[Date "2022.11.16"]
[Round "5"]
[White "Sonis, Francesco"]
[Black "Di Benedetto, Edoardo"]
[Result "1/2-1/2"]
[WhiteElo "2547"]
[BlackElo "2378"]
[PlyCount "79"]
[EventDate "2022.11.12"]
[EventType "tourn"]
[EventRounds "11"]
[EventCountry "ITA"]
[EventCategory "9"]
[SourceTitle "CBM 211 Extra"]
[Source "ChessBase"]
[SourceDate "2023.01.31"]
[SourceVersion "1"]
[SourceVersionDate "2023.01.31"]
[SourceQuality "1"]

1. d4 d5 2. c4 e6 3. Nc3 Be7 4. cxd5 exd5 5. Bf4 c6 6. e3 Bd6 7. Bxd6 Qxd6 8. Bd3 Ne7 9. Qf3 g6 10. Qg3 Qxg3 11. hxg3 Bf5 12. Be2 g5 13. g4 Bg6 14. Nf3 f6 15. Nd2 Nd7 16. Nf1 0-0 17. Ng3 Rae8 18. Kd2 Nc8 19. Bd3 Nd6 20. Bf5 Nb6 21. b3 Nbc8 22. f3 Ne7 23. e4 Rd8 24. Kc2 dxe4 25. fxe4 b6 26. Rad1 c5 27. d5 Bxf5 28. exf5 Nf7 29. Rhe1 Ne5 30. Nh5 Kf7 31. Rxe5 fxe5 32. d6 Nc6 33. Ne4 h6 34. Kc3 Nd4 35. Kc4 Rd7 36. Rd2 Rfd8 37. Kd5 Nb5 38. Kc6 Nd4+ 39. Kd5 Nb5 40. Kc6 1/2-1/2

[Event "ITA-ch 81st"]
[Site "Cagliari"]
[Date "2022.11.15"]
[Round "4"]
[White "Di Benedetto, Edoardo"]
[Black "David, Alberto"]
[Result "0-1"]
[WhiteElo "2378"]
[BlackElo "2517"]
[PlyCount "78"]
[EventDate "2022.11.12"]
[EventType "tourn"]
[EventRounds "11"]
[EventCountry "ITA"]
[EventCategory "9"]
[SourceTitle "CBM 211 Extra"]
[Source "ChessBase"]
[SourceDate "2023.01.31"]
[SourceVersion "1"]
[SourceVersionDate "2023.01.31"]
[SourceQuality "1"]

1. d4 Nf6 2. c4 e6 3. Nf3 d5 4. g3 Bb4+ 5. Bd2 Be7 6. Bg2 c6 7. Qc2 Nbd7 8. 0-0 0-0 9. Bf4 a5 10. b3 a4 11. Nc3 Qa5 12. c5 axb3 13. Qxb3 Ra6 14. Rfb1 Qd8 15. Bf1 Nh5 16. e4 Ra8 17. Bd2 Nhf6 18. e5 Ne4 19. Bd3 Nxd2 20. Nxd2 f6 21. f4 fxe5 22. fxe5 Bg5 23. Nf1 Qe8 24. Qc2 Qh5 25. Qe2 Qxe2 26. Bxe2 Bd8 27. Bg4 Re8 28. Nd2 b6 29. cxb6 Bxb6 30. Nb3 Nxe5 31. Be2 Ra3 32. Kg2 Nc4 33. Bd3 e5 34. Re1 Bd7 35. Nb1 Raa8 36. Bxc4 dxc4 37. Nc5 exd4 38. Nxd7 Rxe1 39. Nxb6 Rb8 0-1